Statistics for Who is That?

Click here to take the quiz!

General Stats

  • This quiz has been taken 55 times
  • The average score is 7 of 15

Answer Stats

QuestionAnswer% Correct
Auguste RodinArtist behind "The Thinker"
79%
Nathuram GodseKilled Gandhi
65%
Erna SolbergPrime Minister of Norway
58%
Michael CollinsThe third Apollo 11 astronaut
58%
Eliud KipchogeMarathon world record holder
54%
Theodor GeiselThe real name of Dr. Seuss
54%
Richard StarkeyMember of The Beatles
52%
Tom KennyVoice of Spongebob Squarepants
52%
Zacharias JanssenInvented the microscope
46%
Vera RubinHelped prove the existence of Dark Matter
44%
Ernesto ValverdeManager of F.C Barcelona
44%
Sundar PichaiC.E.O of Google
42%
Roger WilliamsFounded Rhode Island
38%
Stanislav PetrovDirectly prevented a nuclear war
29%
Rhea SilvaMother of Romulus and Remus
29%

Score Distribution

Percentile by Number Answered

Percent of People with Each Score

Your Score History

You have not taken this quiz